[Event "25th Klatovy A 2017"]
[Site "Klatovy CZE"]
[Date "2017.07.09"]
[Round "9.9"]
[White "Slovak, Kilian"]
[Black "Hadraba, Vladimir"]
[Result "1/2-1/2"]
[WhiteElo "2254"]
[BlackElo "2197"]
[PlyCount "73"]
[EventDate "2017.07.01"]
[EventType "swiss"]
[EventRounds "9"]
[EventCountry "CZE"]
[SourceTitle "EXT 2018"]
[Source "ChessBase"]
[SourceDate "2017.10.13"]
[SourceVersion "1"]
[SourceVersionDate "2017.10.13"]
[SourceQuality "1"]

1. e4 c5 2. Nf3 e6 3. d4 cxd4 4. Nxd4 a6 5. Bd3 Bc5 6. Nb3 Be7 7. Qg4 Bf6 8. O-O Nc6 9. Nc3 d6 10. Qe2 Nge7 11. f4 O-O 12. Be3 e5 13. f5 b5 14. Rad1 Nd4 15. Qf2 Nxb3 16. axb3 Bb7 17. b4 Nc8 18. Be2 Qe7 19. Rd3 Bc6 20. Ra1 Qc7 21. Rdd1 Qb7 22. Bf3 Qc7 23. Qd2 h6 24. Nd5 Bxd5 25. Qxd5 Nb6 26. Qxd6 Qxd6 27. Rxd6 Nc4 28. Rd3 Nxb2 29. Rd5 Rfc8 30. Be2 Na4 31. Bd3 Be7 32. c4 bxc4 33. Rxa4 cxd3 34. Rxe5 Bf6 35. Rd5 Re8 36. Rxd3 Rxe4 37. Kf2 1/2-1/2

[Event "25th Klatovy A 2017"]
[Site "Klatovy CZE"]
[Date "2017.07.09"]
[Round "9.10"]
[White "Jelinek, Michal"]
[Black "Kopta, Pavel"]
[Result "1/2-1/2"]
[WhiteElo "2085"]
[BlackElo "2238"]
[PlyCount "118"]
[EventDate "2017.07.01"]
[EventType "swiss"]
[EventRounds "9"]
[EventCountry "CZE"]
[SourceTitle "EXT 2018"]
[Source "ChessBase"]
[SourceDate "2017.10.13"]
[SourceVersion "1"]
[SourceVersionDate "2017.10.13"]
[SourceQuality "1"]

1. d4 Nf6 2. c4 e6 3. Nc3 Bb4 4. Qc2 c5 5. dxc5 O-O 6. Nf3 Na6 7. g3 Nxc5 8. Bg2 Nce4 9. O-O Nxc3 10. bxc3 Be7 11. e4 d6 12. e5 dxe5 13. Nxe5 Qc7 14. Qe2 Bd7 15. Bf4 Qc8 16. Qf3 Ba4 17. Qxb7 Qxb7 18. Bxb7 Rab8 19. Bc6 Bc2 20. Rfc1 Rb2 21. c5 Nd5 22. Nc4 Nxf4 23. gxf4 Rfb8 24. Nxb2 Rxb2 25. Re1 Bf5 26. Bf3 Bxc5 27. Re2 Rb6 28. Rd1 g6 29. Kg2 Kg7 30. Rd7 Ra6 31. Rb2 e5 32. Rd5 Ba3 33. Rbb5 e4 34. Be2 Rc6 35. c4 e3 36. f3 Be6 37. Rd4 Bc5 38. Rd1 Kf6 39. Bd3 Bd6 40. Be4 e2 41. Re1 Rxc4 42. Rxe2 Ra4 43. Bd5 Bxf4 44. Bxe6 fxe6 45. Rc5 e5 46. Rb2 Kg5 47. Rbc2 Ra3 48. R5c3 Ra4 49. Rb3 Ra6 50. Rbc3 h6 51. Kf1 Kh5 52. Rb3 Kg5 53. Rg2+ Kh5 54. Rc3 Rb6 55. Rcc2 Ra6 56. Ke2 Ra3 57. Rb2 Re3+ 58. Kf2 Ra3 59. Ke2 Re3+ 1/2-1/2

[Event "25th Klatovy A 2017"]
[Site "Klatovy CZE"]
[Date "2017.07.09"]
[Round "9.11"]
[White "Duhayon, Yves"]
[Black "Hurdzan, Tomas"]
[Result "0-1"]
[WhiteElo "2198"]
[BlackElo "2164"]
[PlyCount "84"]
[EventDate "2017.07.01"]
[EventType "swiss"]
[EventRounds "9"]
[EventCountry "CZE"]
[SourceTitle "EXT 2018"]
[Source "ChessBase"]
[SourceDate "2017.10.13"]
[SourceVersion "1"]
[SourceVersionDate "2017.10.13"]
[SourceQuality "1"]

1. d4 Nf6 2. c4 e6 3. Nc3 d5 4. cxd5 exd5 5. Bg5 c6 6. Qc2 Be7 7. e3 O-O 8. Bd3 Nbd7 9. Nf3 Re8 10. O-O Nf8 11. h3 Ng6 12. Bxf6 Bxf6 13. b4 Bd7 14. b5 Qc8 15. bxc6 bxc6 16. Rfe1 Be7 17. Ne5 Nxe5 18. dxe5 h6 19. f4 f6 20. exf6 Bxf6 21. Rac1 Qb8 22. Bf5 Bxf5 23. Qxf5 Qb6 24. Na4 Qb4 25. Nc5 Qd2 26. Kh2 Rxe3 27. Nd7 Bh4 28. Rxe3 Qxe3 29. Rf1 Bg3+ 30. Kh1 Qe2 31. Rg1 Qe4 32. Qg4 Qxf4 33. Qe6+ Qf7 34. Qxc6 Re8 35. Nc5 Re2 36. a4 Kh7 37. Qb5 Qf2 38. Qb1+ Kh8 39. Nd3 Qf5 40. Rf1 Qe4 41. Rg1 Rd2 42. Nb4 Rxg2 0-1

[Event "25th Klatovy A 2017"]
[Site "Klatovy CZE"]
[Date "2017.07.09"]
[Round "9.13"]
[White "Toman, Ondrej"]
[Black "Dolansky, Lukas"]
[Result "1/2-1/2"]
[WhiteElo "2206"]
[BlackElo "2065"]
[PlyCount "59"]
[EventDate "2017.07.01"]
[EventType "swiss"]
[EventRounds "9"]
[EventCountry "CZE"]
[SourceTitle "EXT 2018"]
[Source "ChessBase"]
[SourceDate "2017.10.13"]
[SourceVersion "1"]
[SourceVersionDate "2017.10.13"]
[SourceQuality "1"]

1. d4 d5 2. c4 e6 3. Nf3 Nf6 4. Nc3 Be7 5. Bf4 O-O 6. e3 b6 7. Bd3 Bb7 8. O-O c5 9. dxc5 bxc5 10. Qe2 Nc6 11. Rfd1 Nb4 12. Bb1 Ba6 13. Ne5 Nd7 14. a3 Nxe5 15. axb4 Bxc4 16. Qc2 Ng6 17. bxc5 Qc8 18. b3 Ba6 19. Bd6 Bxd6 20. cxd6 Rd8 21. e4 Rxd6 22. exd5 Bb7 23. h4 h5 24. Nb5 Rxd5 25. Rxd5 Bxd5 26. Nc7 Bxb3 27. Qxb3 Qxc7 28. Bxg6 fxg6 29. Qxe6+ Kh7 30. Ra6 1/2-1/2

[Event "25th Klatovy A 2017"]
[Site "Klatovy CZE"]
[Date "2017.07.09"]
[Round "9.14"]
[White "Kopriva, Martin"]
[Black "Trmal, Jaroslav"]
[Result "0-1"]
[WhiteElo "2061"]
[BlackElo "2201"]
[PlyCount "70"]
[EventDate "2017.07.01"]
[EventType "swiss"]
[EventRounds "9"]
[EventCountry "CZE"]
[SourceTitle "EXT 2018"]
[Source "ChessBase"]
[SourceDate "2017.10.13"]
[SourceVersion "1"]
[SourceVersionDate "2017.10.13"]
[SourceQuality "1"]

1. e4 e5 2. Nf3 Nc6 3. Nc3 Nf6 4. Bb5 Bb4 5. O-O O-O 6. d3 Bxc3 7. bxc3 d6 8. Ne1 Ne7 9. c4 Ng6 10. g3 Nd7 11. Ng2 Nc5 12. c3 f5 13. f3 a6 14. Ba4 fxe4 15. dxe4 Be6 16. Ne3 Qf6 17. Rb1 Qf7 18. Ba3 Bh3 19. Bxc5 Bxf1 20. Qxf1 dxc5 21. Rxb7 Qxf3 22. Qxf3 Rxf3 23. Nf5 Rxc3 24. Rxc7 Rb8 25. Rxg7+ Kf8 26. Rxh7 Rb1+ 27. Kg2 Nf4+ 28. gxf4 Rb2+ 29. Bc2 Rbxc2+ 30. Kg1 Rxa2 31. Ng3 exf4 32. Nf1 Rxc4 33. e5 Re4 34. Rh5 Ke7 35. e6 c4 0-1

[Event "25th Klatovy A 2017"]
[Site "Klatovy CZE"]
[Date "2017.07.09"]
[Round "9.15"]
[White "Dvorak, Jan"]
[Black "Svanda, Ondrej"]
[Result "1-0"]
[WhiteElo "2174"]
[BlackElo "2061"]
[PlyCount "61"]
[EventDate "2017.07.01"]
[EventType "swiss"]
[EventRounds "9"]
[EventCountry "CZE"]
[SourceTitle "EXT 2018"]
[Source "ChessBase"]
[SourceDate "2017.10.13"]
[SourceVersion "1"]
[SourceVersionDate "2017.10.13"]
[SourceQuality "1"]

1. c4 c5 2. g3 Nc6 3. Bg2 g6 4. Nc3 Bg7 5. Nf3 e5 6. O-O d6 7. d3 Nge7 8. Ne1 O-O 9. Nc2 Be6 10. Ne3 a5 11. Ned5 Nb4 12. Nxe7+ Qxe7 13. a3 Nc6 14. Nd5 Qd8 15. Rb1 Rb8 16. Bd2 b6 17. b4 axb4 18. axb4 Qd7 19. Bc3 cxb4 20. Nxb4 Nxb4 21. Rxb4 Rfc8 22. Qb3 b5 23. Qb2 Rc5 24. Rb1 Qc7 25. Rxb5 Rbxb5 26. cxb5 Qb6 27. Bc6 Bd5 28. Bb4 Rxc6 29. bxc6 Qxc6 30. Rc1 Qa6 31. Qa3 1-0

[Event "25th Klatovy A 2017"]
[Site "Klatovy CZE"]
[Date "2017.07.09"]
[Round "9.16"]
[White "Kaderabek, Jiri"]
[Black "Hajek, Jiri2"]
[Result "1/2-1/2"]
[WhiteElo "2137"]
[BlackElo "2013"]
[PlyCount "125"]
[EventDate "2017.07.01"]
[EventType "swiss"]
[EventRounds "9"]
[EventCountry "CZE"]
[SourceTitle "EXT 2018"]
[Source "ChessBase"]
[SourceDate "2017.10.13"]
[SourceVersion "1"]
[SourceVersionDate "2017.10.13"]
[SourceQuality "1"]

1. e4 g6 2. d4 Bg7 3. Nf3 d6 4. Be2 Nf6 5. Nc3 O-O 6. O-O Bg4 7. Be3 Nc6 8. Nd2 Bxe2 9. Qxe2 e5 10. d5 Nd4 11. Qd3 Nd7 12. Nb3 Nxb3 13. axb3 a6 14. b4 f5 15. f3 f4 16. Bf2 g5 17. b5 a5 18. b6 cxb6 19. Na4 Ra6 20. Qb5 Qc7 21. Ra3 Rc8 22. Rc3 Nc5 23. Rd1 Bf8 24. Rc4 Rca8 25. Rd3 Be7 26. Bxc5 bxc5 27. Rb3 R8a7 28. h3 Bd8 29. Ra3 b6 30. Nc3 Qd7 31. Rb3 Qxb5 32. Nxb5 Rd7 33. Na3 Kf7 34. Ra4 h5 35. Nc4 Bc7 36. Raa3 Rd8 37. Ra4 Ke7 38. Rb5 Rg8 39. Rb3 g4 40. hxg4 hxg4 41. fxg4 Rxg4 42. Raa3 Ra8 43. Rh3 Rag8 44. Rh2 R4g7 45. Rah3 b5 46. Na3 Rb8 47. Kf2 c4 48. Rh8 Bb6+ 49. Kf1 Bd8 50. R2h6 Rb7 51. Re6+ Kd7 52. Ree8 Bc7 53. Ra8 Rf7 54. Rh3 Rg7 55. Kf2 a4 56. c3 Bb6+ 57. Kf1 Bc5 58. Rhh8 b4 59. Nxc4 bxc3 60. Rhe8 c2 61. Rad8+ Kc7 62. Rc8+ Kd7 63. Rcd8+ 1/2-1/2

[Event "25th Klatovy A 2017"]
[Site "Klatovy CZE"]
[Date "2017.07.09"]
[Round "9.17"]
[White "Stinka, Jakub"]
[Black "Chmel, Kristian"]
[Result "1/2-1/2"]
[WhiteElo "1991"]
[BlackElo "2128"]
[PlyCount "76"]
[EventDate "2017.07.01"]
[EventType "swiss"]
[EventRounds "9"]
[EventCountry "CZE"]
[SourceTitle "EXT 2018"]
[Source "ChessBase"]
[SourceDate "2017.10.13"]
[SourceVersion "1"]
[SourceVersionDate "2017.10.13"]
[SourceQuality "1"]

1. e4 c5 2. Nf3 d6 3. d4 cxd4 4. Nxd4 Nf6 5. Nc3 a6 6. Bg5 Nbd7 7. f4 Qc7 8. Bd3 e5 9. Nf3 h6 10. Bxf6 Nxf6 11. Qe2 Be7 12. O-O-O exf4 13. Nd5 Nxd5 14. exd5 O-O 15. Rhe1 Bf6 16. Qe4 g6 17. Qxf4 Bg7 18. Nd2 Qa5 19. Kb1 Qxd5 20. Nc4 Qg5 21. Qxg5 hxg5 22. Re7 Bf6 23. Re3 d5 24. Nd6 Rd8 25. Nxc8 Raxc8 26. Rf1 Kg7 27. Rfe1 Rc7 28. Re8 Rxe8 29. Rxe8 Be7 30. Kc1 Kf6 31. Kd1 Ke5 32. Ke2 f5 33. Kf2 Kf6 34. Ke2 g4 35. h3 gxh3 36. gxh3 Kg5 37. Kf3 Bf6 38. b3 Be7 1/2-1/2

[Event "25th Klatovy A 2017"]
[Site "Klatovy CZE"]
[Date "2017.07.09"]
[Round "9.18"]
[White "Strnad, Jakub"]
[Black "Pick, Stepan"]
[Result "1/2-1/2"]
[WhiteElo "1980"]
[BlackElo "2105"]
[PlyCount "70"]
[EventDate "2017.07.01"]
[EventType "swiss"]
[EventRounds "9"]
[EventCountry "CZE"]
[SourceTitle "EXT 2018"]
[Source "ChessBase"]
[SourceDate "2017.10.13"]
[SourceVersion "1"]
[SourceVersionDate "2017.10.13"]
[SourceQuality "1"]

1. e4 e6 2. d4 d5 3. Nc3 Bb4 4. e5 c5 5. a3 Bxc3+ 6. bxc3 Qc7 7. Nf3 Ne7 8. a4 h6 9. Qd2 b6 10. Ba3 Ba6 11. Bxa6 Nxa6 12. O-O O-O 13. Qe2 Nb8 14. Nh4 Nd7 15. f4 f5 16. Kh1 Rf7 17. Rg1 Nf8 18. Qf2 Nfg6 19. g4 Nxh4 20. Qxh4 fxg4 21. Rxg4 Nf5 22. Qf2 cxd4 23. cxd4 Qc3 24. Ra2 Qxd4 25. Qxd4 Nxd4 26. c3 Nf5 27. Rg6 Re8 28. a5 Kh7 29. Rg1 bxa5 30. Bc5 Ne7 31. Rxa5 Ng6 32. Be3 Ree7 33. Ra4 Rc7 34. Bd2 Rc6 35. Rga1 Rcc7 1/2-1/2

[Event "25th Klatovy A 2017"]
[Site "Klatovy CZE"]
[Date "2017.07.09"]
[Round "9.19"]
[White "Parizek, Vojtech"]
[Black "Skopec, Lubos"]
[Result "1-0"]
[WhiteElo "2065"]
[BlackElo "1972"]
[PlyCount "41"]
[EventDate "2017.07.01"]
[EventType "swiss"]
[EventRounds "9"]
[EventCountry "CZE"]
[SourceTitle "EXT 2018"]
[Source "ChessBase"]
[SourceDate "2017.10.13"]
[SourceVersion "1"]
[SourceVersionDate "2017.10.13"]
[SourceQuality "1"]

1. e4 c5 2. Nf3 d6 3. d4 cxd4 4. Qxd4 Nc6 5. Bb5 Bd7 6. Bxc6 bxc6 7. c4 Qc7 8. O-O Rd8 9. Nc3 Nf6 10. Be3 a6 11. e5 dxe5 12. Nxe5 Bf5 13. Qc5 e6 14. Qxc6+ Qxc6 15. Nxc6 Rc8 16. Nd4 Bd3 17. Rfd1 Bxc4 18. Rac1 Rd8 19. Nc6 Rd7 20. Ne5 Rxd1+ 21. Nxd1 1-0

[Event "25th Klatovy A 2017"]
[Site "Klatovy CZE"]
[Date "2017.07.09"]
[Round "9.20"]
[White "Cekan, Petr1"]
[Black "Molkanov, Oleg 2001"]
[Result "0-1"]
[WhiteElo "1965"]
[BlackElo "2117"]
[PlyCount "69"]
[EventDate "2017.07.01"]
[EventType "swiss"]
[EventRounds "9"]
[EventCountry "CZE"]
[SourceTitle "EXT 2018"]
[Source "ChessBase"]
[SourceDate "2017.10.13"]
[SourceVersion "1"]
[SourceVersionDate "2017.10.13"]
[SourceQuality "1"]

1. e4 c6 2. d4 d5 3. Nd2 dxe4 4. Nxe4 Bf5 5. Ng3 Bg6 6. h4 h6 7. h5 Bh7 8. Nf3 Nd7 9. Bd3 Bxd3 10. Qxd3 e6 11. Ne4 Ngf6 12. Bf4 Qa5+ 13. Bd2 Qc7 14. O-O-O Be7 15. Kb1 O-O 16. Nh4 Rad8 17. f3 c5 18. c3 Ne5 19. Qe2 cxd4 20. cxd4 Nc6 21. Be3 Nd5 22. g4 Nxe3 23. Qxe3 Qb6 24. g5 Rxd4 25. Rc1 Rb4 26. Qxb6 Rxb6 27. gxh6 gxh6 28. Rcg1+ Kh7 29. f4 Rb4 30. Re1 Rg8 31. Nf3 Rg4 32. a3 Rb5 33. Nc3 Rb6 34. f5 Bxa3 35. Na4 0-1

[Event "25th Klatovy A 2017"]
[Site "Klatovy CZE"]
[Date "2017.07.09"]
[Round "9.21"]
[White "Hak, David"]
[Black "Kotal, Vaclav"]
[Result "0-1"]
[WhiteElo "1777"]
[BlackElo "2070"]
[PlyCount "92"]
[EventDate "2017.07.01"]
[EventType "swiss"]
[EventRounds "9"]
[EventCountry "CZE"]
[SourceTitle "EXT 2018"]
[Source "ChessBase"]
[SourceDate "2017.10.13"]
[SourceVersion "1"]
[SourceVersionDate "2017.10.13"]
[SourceQuality "1"]

1. e4 c5 2. Nf3 d6 3. d4 cxd4 4. Nxd4 Nf6 5. Nc3 a6 6. a4 Nc6 7. Be2 e5 8. Nb3 Be7 9. Be3 Be6 10. O-O O-O 11. f4 exf4 12. Rxf4 Nd7 13. Rf2 Nde5 14. Nd5 Bxd5 15. exd5 Na5 16. Nd2 Rc8 17. b3 Qc7 18. c4 b6 19. Bg4 Rce8 20. Bf5 Nb7 21. Nf3 Bf6 22. Nxe5 Bxe5 23. Bd4 Qe7 24. Rf3 g6 25. Bc2 a5 26. Rh3 Nc5 27. Rb1 f5 28. Bxc5 bxc5 29. Qd2 Bd4+ 30. Kh1 Rf7 31. Bd3 Qe5 32. Rf3 Bc3 33. Qc2 Rfe7 34. h3 Bd4 35. Rbf1 Qg7 36. Rg3 Re1 37. Rgf3 Qh6 38. Qa2 R8e3 39. Qc2 Qh4 40. Rxe3 Rxe3 41. Qd2 Qg3 42. Bc2 Be5 43. Kg1 Qh2+ 44. Kf2 Bd4 45. Qc1 Qg3+ 46. Kg1 Re2+ 0-1

[Event "25th Klatovy A 2017"]
[Site "Klatovy CZE"]
[Date "2017.07.09"]
[Round "9.22"]
[White "Spicka, Jan"]
[Black "Zahorbensky, Jaroslav"]
[Result "0-1"]
[WhiteElo "1959"]
[BlackElo "2050"]
[PlyCount "80"]
[EventDate "2017.07.01"]
[EventType "swiss"]
[EventRounds "9"]
[EventCountry "CZE"]
[SourceTitle "EXT 2018"]
[Source "ChessBase"]
[SourceDate "2017.10.13"]
[SourceVersion "1"]
[SourceVersionDate "2017.10.13"]
[SourceQuality "1"]

1. d4 d5 2. Bf4 Nf6 3. e3 Bf5 4. Bd3 Bg6 5. Nf3 Nbd7 6. O-O e6 7. c3 c5 8. Qc2 Qb6 9. Bxg6 hxg6 10. Nbd2 Be7 11. Rfe1 Rc8 12. Qb3 c4 13. Qc2 Bd6 14. Bxd6 Qxd6 15. e4 dxe4 16. Nxe4 Qc6 17. Rad1 Nxe4 18. Qxe4 Qxe4 19. Rxe4 Nf6 20. Re5 Rh5 21. Rde1 Rf5 22. Nh4 Rxe5 23. Rxe5 Nd5 24. g3 b5 25. a3 a5 26. Ng2 Kd7 27. Ne3 Kd6 28. Nxd5 exd5 29. f4 b4 30. axb4 axb4 31. Kf2 Ra8 32. Re2 Ra1 33. Ke3 Ra2 34. Rd2 Kc6 35. h4 Kb5 36. cxb4 Kxb4 37. g4 Kb3 38. h5 Rxb2 39. Rd1 c3 40. Kd3 gxh5 0-1

[Event "25th Klatovy A 2017"]
[Site "Klatovy CZE"]
[Date "2017.07.09"]
[Round "9.23"]
[White "Mulenko, Alexander"]
[Black "Kusa, Jakub"]
[Result "0-1"]
[WhiteElo "2050"]
[BlackElo "1828"]
[PlyCount "138"]
[EventDate "2017.07.01"]
[EventType "swiss"]
[EventRounds "9"]
[EventCountry "CZE"]
[SourceTitle "EXT 2018"]
[Source "ChessBase"]
[SourceDate "2017.10.13"]
[SourceVersion "1"]
[SourceVersionDate "2017.10.13"]
[SourceQuality "1"]

1. Nf3 Nf6 2. g3 g6 3. Bg2 Bg7 4. c4 O-O 5. O-O c5 6. d4 cxd4 7. Nxd4 Nc6 8. Nc2 d6 9. Nc3 Bd7 10. b3 Qc8 11. Re1 Bh3 12. Bh1 Ne8 13. Bb2 f5 14. e3 e6 15. Rb1 Qd8 16. Ne2 g5 17. Bxg7 Nxg7 18. Ncd4 Qd7 19. Nxc6 bxc6 20. c5 d5 21. Qd4 Qe7 22. f4 h6 23. Rbc1 Bg4 24. Qe5 Bxe2 25. Rxe2 Rfd8 26. Rd2 Rab8 27. Bf3 Rb4 28. Rd4 Rb5 29. b4 Rdb8 30. a3 R5b7 31. Be2 Ne8 32. Ba6 Rc7 33. Rd2 Nf6 34. Be2 Ne4 35. Rb2 g4 36. Bd3 Rbb7 37. Bxe4 dxe4 38. Rd2 Rd7 39. Rd6 Rxd6 40. cxd6 Qd7 41. Qc5 Rb6 42. a4 Kf7 43. Rc4 h5 44. Rd4 Rb8 45. Rc4 Rb6 46. Kf2 h4 47. gxh4 Qd8 48. Kg3 Kg6 49. Qd4 Rb7 50. Rxc6 Rh7 51. Kf2 Qxh4+ 52. Ke2 Qxh2+ 53. Kd1 Qg1+ 54. Kc2 Rh2+ 55. Kb3 Qb1+ 56. Kc4 Rc2+ 57. Kb5 Qf1+ 58. Rc4 Rxc4 59. Qxc4 Qxc4+ 60. Kxc4 Kf7 61. Kc5 Ke8 62. Kc6 Kd8 63. Kb7 g3 64. Kxa7 g2 65. a5 g1=Q 66. b5 Qxe3+ 67. Kb7 Qc5 68. Ka6 Qxd6+ 69. b6 Kc8 0-1

[Event "25th Klatovy A 2017"]
[Site "Klatovy CZE"]
[Date "2017.07.09"]
[Round "9.24"]
[White "Nemec, David"]
[Black "Brunova, Blanka"]
[Result "1-0"]
[WhiteElo "2043"]
[BlackElo "1922"]
[PlyCount "35"]
[EventDate "2017.07.01"]
[EventType "swiss"]
[EventRounds "9"]
[EventCountry "CZE"]
[SourceTitle "EXT 2018"]
[Source "ChessBase"]
[SourceDate "2017.10.13"]
[SourceVersion "1"]
[SourceVersionDate "2017.10.13"]
[SourceQuality "1"]

1. d4 Nf6 2. c4 g6 3. Nc3 Bg7 4. e4 O-O 5. f3 d6 6. Be3 e5 7. Nge2 Nh5 8. g4 Qf6 9. Bg2 Nf4 10. Nxf4 exf4 11. Nd5 Qh4+ 12. Bf2 Qg5 13. h4 Qd8 14. Nxf4 c5 15. Qd2 Qb6 16. Nd5 Qa6 17. Nc7 Qxc4 18. Bf1 1-0

[Event "25th Klatovy A 2017"]
[Site "Klatovy CZE"]
[Date "2017.07.09"]
[Round "9.25"]
[White "Hacaperka, Michal"]
[Black "Sprenar, Petr"]
[Result "0-1"]
[WhiteElo "1846"]
[BlackElo "2042"]
[PlyCount "58"]
[EventDate "2017.07.01"]
[EventType "swiss"]
[EventRounds "9"]
[EventCountry "CZE"]
[SourceTitle "EXT 2018"]
[Source "ChessBase"]
[SourceDate "2017.10.13"]
[SourceVersion "1"]
[SourceVersionDate "2017.10.13"]
[SourceQuality "1"]

1. e4 c5 2. Nc3 a6 3. f4 e6 4. Nf3 Nc6 5. d3 d5 6. e5 Nge7 7. g3 Nf5 8. Bg2 b5 9. O-O h5 10. Bh3 g6 11. Ne2 d4 12. Ng5 Nb4 13. Rf2 Bb7 14. g4 hxg4 15. Bxg4 Be7 16. Ne4 Nd5 17. N2g3 Qd7 18. Qe2 O-O-O 19. Bd2 Nde3 20. Bxe3 dxe3 21. Rff1 Nd4 22. Qd1 Rh4 23. h3 Rdh8 24. c3 Nf5 25. Rf3 Rd8 26. Qe2 Qxd3 27. Qxd3 Rxd3 28. Kh2 Nxg3 29. Nxg3 Rxg4 0-1

[Event "25th Klatovy A 2017"]
[Site "Klatovy CZE"]
[Date "2017.07.09"]
[Round "9.26"]
[White "Zak, Pavel"]
[Black "Srba, Stanislav"]
[Result "1-0"]
[WhiteElo "2038"]
[BlackElo "1924"]
[PlyCount "85"]
[EventDate "2017.07.01"]
[EventType "swiss"]
[EventRounds "9"]
[EventCountry "CZE"]
[SourceTitle "EXT 2018"]
[Source "ChessBase"]
[SourceDate "2017.10.13"]
[SourceVersion "1"]
[SourceVersionDate "2017.10.13"]
[SourceQuality "1"]

1. Nf3 g6 2. d4 Bg7 3. c4 Nf6 4. Nc3 O-O 5. e4 d6 6. h3 Nbd7 7. Be3 e5 8. dxe5 Nxe5 9. Nxe5 dxe5 10. Be2 c6 11. O-O Qc7 12. b4 Be6 13. Qc2 Nd7 14. c5 f5 15. f3 Nf6 16. g4 fxg4 17. fxg4 h5 18. g5 Bxh3 19. gxf6 Bxf6 20. Rf2 Qd7 21. Kh2 Bh4 22. Rxf8+ Rxf8 23. Rg1 Kh7 24. Qd1 Qe6 25. Bxh5 g5 26. Bg4 Bxg4 27. Qxg4 Qxg4 28. Rxg4 Be1 29. Ne2 Bxb4 30. Rxg5 Rf3 31. Rg3 Rf1 32. Nc1 Bxc5 33. Bxc5 Rxc1 34. Bxa7 Rc4 35. Re3 Ra4 36. Bb8 Rxa2+ 37. Kg3 Ra5 38. Kg4 Kg6 39. Rd3 Kf6 40. Rd6+ Ke7 41. Kf5 Ra8 42. Re6+ Kd7 43. Bxe5 1-0

[Event "25th Klatovy A 2017"]
[Site "Klatovy CZE"]
[Date "2017.07.09"]
[Round "9.27"]
[White "Kostelecky, Daniel"]
[Black "Kubat, Miroslav"]
[Result "0-1"]
[WhiteElo "1908"]
[BlackElo "1983"]
[PlyCount "80"]
[EventDate "2017.07.01"]
[EventType "swiss"]
[EventRounds "9"]
[EventCountry "CZE"]
[SourceTitle "EXT 2018"]
[Source "ChessBase"]
[SourceDate "2017.10.13"]
[SourceVersion "1"]
[SourceVersionDate "2017.10.13"]
[SourceQuality "1"]

1. e4 c5 2. Nc3 Nc6 3. f4 d6 4. Nf3 g6 5. Bc4 Bg7 6. O-O e6 7. d3 Nge7 8. a4 O-O 9. Ba2 d5 10. e5 Bd7 11. Ne2 d4 12. c3 Qb6 13. Kh1 Nd5 14. Qe1 Rad8 15. Ng3 Nce7 16. Ne4 Nf5 17. g4 Nfe3 18. Bxe3 Nxe3 19. Rg1 Bc6 20. cxd4 Nc2 21. Qf2 Nxa1 22. a5 Qxa5 23. d5 Bxd5 24. Bxd5 Rxd5 25. Nf6+ Bxf6 26. exf6 Qd8 27. Qh4 h6 28. Rxa1 Rxd3 29. Kg2 a6 30. Rf1 Rb3 31. Rf2 Rd3 32. f5 exf5 33. gxf5 Qd6 34. Qxh6 Qxf6 35. Ng5 Qg7 36. Qh4 Rd4 37. Qh3 gxf5 38. Rxf5 f6 39. Qg3 Rd2+ 40. Kh1 fxg5 0-1

[Event "25th Klatovy A 2017"]
[Site "Klatovy CZE"]
[Date "2017.07.09"]
[Round "9.28"]
[White "Pavlicek, Petr"]
[Black "Kucera, Tomas"]
[Result "1/2-1/2"]
[WhiteElo "1899"]
[BlackElo "1993"]
[PlyCount "36"]
[EventDate "2017.07.01"]
[EventType "swiss"]
[EventRounds "9"]
[EventCountry "CZE"]
[SourceTitle "EXT 2018"]
[Source "ChessBase"]
[SourceDate "2017.10.13"]
[SourceVersion "1"]
[SourceVersionDate "2017.10.13"]
[SourceQuality "1"]

1. Nf3 Nf6 2. d4 d6 3. c4 g6 4. g3 Bg7 5. Bg2 O-O 6. Nc3 Nbd7 7. O-O e5 8. e4 exd4 9. Nxd4 Re8 10. h3 Nc5 11. Re1 a5 12. Bf4 Ne6 13. Be3 Nc5 14. Bf4 Nfd7 15. b3 Ne5 16. Re2 a4 17. Rb1 c6 18. Rd2 axb3 1/2-1/2

[Event "25th Klatovy A 2017"]
[Site "Klatovy CZE"]
[Date "2017.07.09"]
[Round "9.29"]
[White "Bartonicek, Zdenek"]
[Black "Stanek, Petr"]
[Result "1-0"]
[WhiteElo "1942"]
[BlackElo "1888"]
[PlyCount "101"]
[EventDate "2017.07.01"]
[EventType "swiss"]
[EventRounds "9"]
[EventCountry "CZE"]
[SourceTitle "EXT 2018"]
[Source "ChessBase"]
[SourceDate "2017.10.13"]
[SourceVersion "1"]
[SourceVersionDate "2017.10.13"]
[SourceQuality "1"]

1. e4 e6 2. d3 d5 3. Nc3 c5 4. g3 Be7 5. Bg2 d4 6. Nce2 e5 7. f4 f6 8. Nf3 Nc6 9. f5 Nh6 10. h3 Nf7 11. g4 b5 12. Ng3 c4 13. O-O Bb7 14. Nh5 Rg8 15. Ng3 Qb6 16. a4 cxd3 17. cxd3 b4 18. a5 Nxa5 19. Qa4+ Nc6 20. Nd2 Nd6 21. Nc4 Nxc4 22. dxc4 O-O-O 23. Kh2 Kb8 24. Bd2 Bc5 25. g5 Ne7 26. Qd1 Rdf8 27. h4 Nc8 28. Qf3 Nd6 29. Qd3 Ba6 30. b3 Bb7 31. Ra2 Nc8 32. Rfa1 a6 33. Nh1 g6 34. Ng3 Nd6 35. Rf1 fxg5 36. Bxg5 gxf5 37. Nxf5 Nxf5 38. Rxf5 Rxf5 39. exf5 Bxg2 40. Rxg2 h6 41. Bd2 Rxg2+ 42. Kxg2 Qc6+ 43. Kh2 e4 44. Qg3+ Bd6 45. Bf4 Kc7 46. f6 Bxf4 47. Qxf4+ Qd6 48. Qxd6+ Kxd6 49. c5+ Ke6 50. c6 d3 51. c7 1-0

[Event "25th Klatovy A 2017"]
[Site "Klatovy CZE"]
[Date "2017.07.09"]
[Round "9.30"]
[White "Kohout, Josef 1953"]
[Black "Kejzlar, Lubos"]
[Result "0-1"]
[WhiteElo "1896"]
[BlackElo "1940"]
[PlyCount "64"]
[EventDate "2017.07.01"]
[EventType "swiss"]
[EventRounds "9"]
[EventCountry "CZE"]
[SourceTitle "EXT 2018"]
[Source "ChessBase"]
[SourceDate "2017.10.13"]
[SourceVersion "1"]
[SourceVersionDate "2017.10.13"]
[SourceQuality "1"]

1. e4 g6 2. Nf3 d6 3. Nc3 Bg7 4. Bc4 Nf6 5. d3 Nc6 6. a3 Bg4 7. h3 Bxf3 8. Qxf3 Ne5 9. Qe2 Nxc4 10. dxc4 O-O 11. Nd5 Nd7 12. Bg5 Re8 13. O-O c6 14. Nc3 Bxc3 15. bxc3 Qa5 16. Qe3 Qc5 17. Qg3 Qxc4 18. Rae1 Nc5 19. Bh6 Nxe4 20. Qf4 d5 21. Qe5 Nf6 22. Re3 d4 23. cxd4 Qd5 24. Rfe1 Qxe5 25. dxe5 Nd5 26. Rg3 Rad8 27. h4 Nc7 28. f4 Ne6 29. f5 Ng7 30. Rf1 Rd5 31. e6 Rxf5 32. Bxg7 Rxf1+ 0-1